Подробности
| 000 -МАРКЕР |
| контрольное поле |
01907nam0a2200361 4500 |
| 001 - ИДЕНТИФИКАТОР ЗАПИСИ |
| контрольное поле |
RU\NLR\BIBL_A\022123851 |
| 005 - ИДЕНТИФИКАТОР ВЕРСИИ |
| контрольное поле |
20240319144853.0 |
| 010 ## - МЕЖДУНАРОДНЫЙ СТАНДАРТНЫЙ НОМЕР КНИГИ (ISBN) |
| Номер (ISBN) |
978-5-4465-3963-5 |
| Тираж |
200 |
| 021 ## - НОМЕР ГОСУДАРСТВЕННОЙ РЕГИСТРАЦИИ |
| Код страны |
Российская Федерация |
| Номер |
КН-П-23-078983 |
| Номер Листа государственной регистраци |
КН-П-23-7979 |
| 035 ## - ДРУГИЕ СИСТЕМНЫЕ НОМЕРА |
| Идентификатор записи |
(NLR Aleph) 022123851 |
| 035 ## - ДРУГИЕ СИСТЕМНЫЕ НОМЕРА |
| Идентификатор записи |
(RuMoRGB)012437460 |
| 100 ## - ДАННЫЕ ОБЩЕЙ ОБРАБОТКИ |
| Данные общей обработки |
20240202d2023 u y0rusy50 ca |
| 101 0# - ЯЗЫК РЕСУРСА |
| Язык текста, звукозаписи и т.д. |
русский |
| -- |
ненецкий (юрако-самоедский) |
| -- |
ламутский, эвенский |
| 102 ## - СТРАНА ПУБЛИКАЦИИ ИЛИ ПРОИЗВОДСТВА |
| Страна публикации |
Российская Федерация |
| 105 ## - ПОЛЕ КОДИРОВАННЫХ ДАННЫХ: ТЕКСТОВЫЕ МАТЕРИАЛЫ, МОНОГРАФИЧЕСКИЕ |
| Кодированные данные о монографическом текстовом документе |
ac z 100ay |
| 181 #0 - ПОЛЕ КОДИРОВАННЫХ ДАННЫХ: ВИД СОДЕРЖАНИЯ |
| Код вида содержания (ISBD) |
i |
| Код характеристики содержания (ISBD) |
axxe |
| 182 #0 - ПОЛЕ КОДИРОВАННЫХ ДАННЫХ: ТИП СРЕДСТВА |
| Код типа средства (ISBD) |
n - непосредственное |
| 200 1# - ЗАГЛАВИЕ И СВЕДЕНИЯ ОБ ОТВЕТСТВЕННОСТИ |
| Основное заглавие |
Проза. Публицистика |
| Сведения, относящиеся к заглавию |
XV Открытый межрегиональный литературный конкурс имени Ю. С. Рытхэу |
| -- |
сборник произведений |
| Первые сведения об ответственности |
Департамент культуры, спорта и туризма Чукотского автономного округа, Музейный центр "Наследие Чукотки" |
| Последующие сведения об ответственности |
иллюстрации: Александр Григорьев |
| 203 ## - ВИД СОДЕРЖАНИЯ И ТИП СРЕДСТВА |
| Вид содержания |
Текст |
| Дополнительные сведения об издании |
визуальный |
| Тип средства |
непосредственный |
| 210 ## - ПУБЛИКАЦИЯ, РАСПРОСТРАНЕНИЕ И ДР. |
| Место издания, распространения и т.д. |
Москва |
| Имя издателя, распространителя и т. д. |
Буки Веди |
| Место издания, распространения и т.д. |
Анадырь |
| Имя издателя, распространителя и т. д. |
[б. и.] |
| Дата издания, распространения и т.д. |
2023 |
| 215 ## - ФИЗИЧЕСКАЯ ХАРАКТЕРИСТИКА |
| Специфическое обозначение материала и объем |
285 с., [2] л. цв. ил. |
| Другие сведения о физической характеристике |
цв. ил., портр. |
| Размеры |
22 |
| 300 ## - ОБЩИЕ ПРИМЕЧАНИЯ |
| Текст примечания |
Часть текста парал. рус., ненецкий, эвенский |
| 686 2# - ИНДЕКСЫ ДРУГИХ КЛАССИФИКАЦИЙ |
| Индекс |
Ш6(2)7-4я43 |
| 702 #1 - ИМЯ ЛИЦА - ВТОРИЧНАЯ ОТВЕТСТВЕННОСТЬ |
| Код отношения |
Карикатурист, Художник |
| Графика поля |
Кириллица |
| Материалы, к которым относится поле |
rus |
| Начальный элемент ввода |
Григорьев |
| Часть имени, кроме начального элемента ввода |
А. Е. |
| Дополнения к именам, кроме дат |
художник |
| Даты |
1969- |
| Расширение инициалов личного имени |
Александр Евгеньевич |
| Системный номер авторитетной/нормативной записи |
265839 |
| Идентификатор авторитетной/нормативной записи |
RU\NLR\AUTH\770265895 |
| 711 12 - НАИМЕНОВАНИЕ ОРГАНИЗАЦИИ - АЛЬТЕРНАТИВНАЯ ОТВЕТСТВЕННОСТЬ |
| Начальный элемент ввода |
Литературный конкурс им. Ю. С. Рытхэу |
| Порядковый номер временной организации и / или порядковый номер ее части |
15 |
| Место проведения временной организации |
Анадырь |
| Дата проведения временной организации |
2023 |
| Системный номер авторитетной/нормативной записи |
876049 |
| Идентификатор авторитетной/нормативной записи |
RU\NLR\AUTH\880604198 |
| 712 02 - НАИМЕНОВАНИЕ ОРГАНИЗАЦИИ - ВТОРИЧНАЯ ОТВЕТСТВЕННОСТЬ |
| Код отношения |
Издающая организация |
| Начальный элемент ввода |
"Наследие Чукотки", музейный центр |
| Идентифицирующий признак |
Анадырь |
| Системный номер авторитетной/нормативной записи |
876051 |
| Идентификатор авторитетной/нормативной записи |
RU\NLR\AUTH\880604200 |
| 942 ## - ДОПОЛНИТЕЛЬНЫЕ ЭЛЕМЕНТЫ ЗАПИСИ (АБИС) |
| Тип экземпляра АБИС |
Книга |
| 980 ## - КОЛЛЕКЦИЯ |
| Название коллекции |
Национальная библиография |